Normal view
MARC view
- القرآن الكريم -- تفسير
Entry Topical Term
001 - CONTROL NUMBER
- control field: 11437
003 - CONTROL NUMBER IDENTIFIER
- control field: JO-AjAnu
005 - DATE AND TIME OF LATEST TRANSACTION
- control field: 20230606072133.0
008 - FIXED-LENGTH DATA ELEMENTS
- fixed length control field: 230606|| aca||aabn | a|a d
040 ## - CATALOGING SOURCE
- Original cataloging agency: JO-AjAnu
- Transcribing agency: JO-AjAnu
150 ## - HEADING--TOPICAL TERM
- Topical term or geographic name entry element: القرآن الكريم -- تفسير
670 ## - SOURCE DATA FOUND
- Source citation: Work cat.: (JO-AjAnu)5893: تأليف ابو حيان ، محمد بن يوسف ؛ إبراهيم شمس الدين، إعداد, author 11436, تفسير البحر المحيط